000 00724nam a22002417a 4500
003 UA-OsUOA
001 58717
007 ta
008 20090219b un ||||| |||| 00| 0 ukr d
100 _aШамрай М.
090 _a017.11:(655.15)(540.341)(477)
_bШ19
942 _cBK
040 _aUA-OsUOA
_bukr
_cUA-OsUOA
_dUA-OsUOA
245 _aАльдини в бібліотеках України: Каталог
300 _a137 с.
955 _a2
041 _aukr
080 _a017.11:(655.15)(540.341)(477)
020 _a978-966-360-093-2
260 _aК.
_bАкадемперіодика
_c2008
650 7 _a01 Бібліографія і бібліографії. Каталоги
_2UDC
999 _c344773
_d344773